5-Star Box Office Actors Quiz Stats

 Plays Quiz Updated Jan 8, 2019

Challenge
Share
Tweet
Embed
Score 0/55 Timer 07:00
13 Plays Today
% Correct
Mr. & Mrs. Smith
94.6%
The Curious Case of Benjamin Button
93.3%
Titanic
92.8%
Catch Me If You Can
91.1%
Ocean's Eleven
90.5%
The Revenant
88.9%
Bruce Almighty
88%
Dumb and Dumber
87.3%
Grease
86.7%
Gran Torino
86.2%
Brokeback Mountain
86.1%
Ted
86.1%
Inception
86%
Troy
85.6%
Liar Liar
85.5%
How the Grinch Stole Christmas
84.7%
World War Z
83.6%
The Hunt for Red October
82.7%
Million Dollar Baby
80.9%
Pearl Harbor
79.5%
Gone Girl
79.3%
Face/Off
79.2%
Django Unchained
78.9%
Batman v Superman: Dawn of Justice
78.9%
Justice League
77.4%
Armageddon
77.4%
Hairspray
76.1%
Remember the Titans
76%
% Correct
Indiana Jones and the Last Crusade
75%
American Gangster
74.1%
Mystic River
74%
Jarhead
73.9%
The Rock
71.8%
Unforgiven
71.1%
Look Who's Talking
69.6%
Wild Hogs
68.4%
Prince of Persia: The Sands of Time
67.2%
Batman Forever
67%
The Perfect Storm
66%
Planet of the Apes
65.8%
The Day After Tomorrow
65.3%
Daddy's Home
64.3%
Space Cowboys
63.9%
The Untouchables
63.7%
The Equalizer 2
62.8%
Transformers: Age of Extinction
61.2%
In the Line of Fire
60.4%
Entrapment
57.8%
The Equalizer
57.1%
Colors
48%
The Game
47.9%
The Interpreter
46.9%
Safe House
42.8%
Prisoners
39.6%
The Secret Life of Walter Mitty
38.6%

You're not logged in!

Compare scores with friends on all Sporcle quizzes.
OR
Log In

You Might Also Like...

Show Comments

Extras

Top Quizzes Today


Score Distribution

Your Account Isn't Verified!

In order to create a playlist on Sporcle, you need to verify the email address you used during registration. Go to your Sporcle Settings to finish the process.

Report this User

Report this user for behavior that violates our Community Guidelines.

Details: